Gallagher Prem Winners and Runners up - Statistics

General Stats
  • This quiz has been taken 14 times
  • The average score is 18 of 46
Answer Stats
Year Winner and Runner up % Correct
2022 Leicester Tigers
100%
Exeter Chiefs
86%
2021 Harlequins
86%
2020 Exeter Chiefs
71%
Saracens
71%
Exeter Chiefs
57%
2019 Saracens
57%
2018 Saracens
57%
Wasps
57%
Bath
43%
Exeter Chiefs
43%
2017 Exeter Chiefs
43%
Exeter Chiefs
43%
2012 Harlequins
43%
2013 Leicester Tigers
43%
Leicester Tigers
43%
Leicester Tigers
43%
2010 Leicester Tigers
43%
2009 Leicester Tigers
43%
2002 Leicester Tigers
43%
2001 Leicester Tigers
43%
2000 Leicester Tigers
43%
2014 Northampton
43%
Northampton
43%
2016 Saracens
43%
2015 Saracens
43%
Saracens
43%
Wasps
43%
Bath
29%
Leicester Tigers
29%
2007 Leicester Tigers
29%
Leicester Tigers
29%
2011 Saracens
29%
Saracens
29%
2008 Wasps
29%
2005 Wasps
29%
2004 Wasps
29%
2003 Wasps
29%
Bath
14%
Gloucester
14%
Gloucester
14%
Leicester Tigers
14%
2006 Sale Sharks
14%
Wasps
14%
London Irish
0%
Sale Sharks
0%
No matching quizzes found
Score Distribution
Percent of People with Each Score
Percentile by Number Answered
Your Score History
You have not taken this quiz